Kalpana aur hindi sahitya (Record no. 75441)
[ view plain ]
| 000 -LEADER | |
|---|---|
| fixed length control field | 00246nam a2200097 4500 |
| 082 ## - DEWEY DECIMAL CLASSIFICATION NUMBER | |
| Classification number | H |
| Item number | 891.4305 RAI |
| 100 ## - MAIN ENTRY--PERSONAL NAME | |
| Personal name | Rai, Viveki |
| 245 ## - TITLE STATEMENT | |
| Title | Kalpana aur hindi sahitya |
| Statement of responsibility, etc. | Viveki Rai |
| 260 ## - PUBLICATION, DISTRIBUTION, ETC. | |
| Place of publication, distribution, etc. | Allahabad |
| Name of publisher, distributor, etc. | Anil Prakashan |
| Date of publication, distribution, etc. | 1999 |
| 300 ## - PHYSICAL DESCRIPTION | |
| Extent | 110p.; 21cm. |
| Withdrawn status | Lost status | Damaged status | Not for loan | Collection code | Home library | Current library | Date acquired | Total Checkouts | Full call number | Barcode | Date last seen | Price effective from | Koha item type |
|---|---|---|---|---|---|---|---|---|---|---|---|---|---|
| HINDI | North Eastern Hill University | North Eastern Hill University | 25/11/2011 | H 891.4305 RAI | 225263 | 25/11/2011 | 25/11/2011 | Books |
